| 000 | 00571nam a2200181 i 4500 | ||
|---|---|---|---|
| 001 | 33834 | ||
| 003 | ES-MaACL | ||
| 005 | 20230906154829.0 | ||
| 007 | t| | ||
| 008 | 030203s1967 sp ||||1| spa d | ||
| 100 | 1 |
_aBlackham, H. J. _929072 |
|
| 245 | 1 | 0 |
_aSeis pensadores existencialistas / _cH. J. Blackham ; [traducción española y notas bibliográficas de: Ricardo Jordana]. |
| 250 | _a[2ª ed.]. | ||
| 260 |
_aVilassar de Mar : _bOikos-Tau, _c[1967] |
||
| 300 |
_a194 p. ; _c21 cm. |
||
| 700 | 1 |
_aJordana, Ricardo. _966929 |
|
| 852 |
_aES-MaACL _jC-33990 _bR.64772 |
||
| 999 |
_c33834 _d33834 |
||